[Event "Alesund Grand Prix A"]
[Site "Alesund"]
[Date "2018.04.07"]
[Round "4"]
[White "Storeide, Erling"]
[Black "Hoti, Nimon"]
[Result "0-1"]
[WhiteElo "1879"]
[BlackElo "1976"]
[PlyCount "124"]
[EventDate "2018.04.07"]
[EventType "swiss"]
[EventRounds "6"]
[EventCountry "NOR"]
[SourceTitle "EXT 2024"]
[Source "ChessBase"]
[SourceDate "2023.10.10"]
[SourceVersion "1"]
[SourceVersionDate "2023.10.10"]
[SourceQuality "1"]

1. e4 d6 2. Nf3 Nf6 3. Nc3 c6 4. Be2 g6 5. d4 Bg7 6. 0-0 0-0 7. h3 Qc7 8. Be3 Nbd7 9. Bd3 a6 10. Ne2 c5 11. c3 Nh5 12. Rc1 b5 13. Nf4 Nxf4 14. Bxf4 Bb7 15. Bb1 c4 16. Re1 e5 17. Be3 Nf6 18. d5 Nh5 19. g4 Nf4 20. Bxf4 exf4 21. Qd2 Bh6 22. g5 Bg7 23. Qxf4 f6 24. Qg3 fxg5 25. Nxg5 Be5 26. Qh4 Bc8 27. f3 Qe7 28. Kf2 Bf4 29. Rg1 Qa7+ 30. Kg2 Qe7 31. Kf2 Bxc1 32. Rxc1 Ra7 33. Rg1 Qf6 34. Qg3 Rg7 35. e5 dxe5 36. Ne4 Qf4 37. Qxf4 Rxf4 38. Nd2 Bxh3 39. Ke3 Rgf7 40. Be4 Bf5 41. Rg3 Kf8 42. b3 cxb3 43. axb3 Ke7 44. c4 Kd6 45. b4 Bxe4 46. Nxe4+ Rxe4+ 47. fxe4 bxc4 48. Rh3 Rb7 49. Rf3 Ke7 50. Kd2 Rxb4 51. Ra3 Rb2+ 52. Kc1 Re2 53. Rxa6 Rxe4 54. Kc2 Rd4 55. Re6+ Kd7 56. Rxe5 Kd6 57. Re8 Kxd5 58. Rd8+ Ke5 59. Re8+ Kf5 60. Kc3 Rg4 61. Rc8 h5 62. Rc5+ Ke6 0-1

[Event "Helsingor Xtracon op"]
[Site "Helsingor"]
[Date "2017.07.28"]
[Round "8"]
[White "Miedema, David"]
[Black "Hoti, Nimon"]
[Result "1-0"]
[WhiteElo "2373"]
[BlackElo "1953"]
[PlyCount "129"]
[EventDate "2017.07.22"]
[EventType "swiss"]
[EventRounds "10"]
[EventCountry "DEN"]
[SourceTitle "CBM 179 Extra"]
[Source "ChessBase"]
[SourceDate "2017.08.23"]
[SourceVersion "1"]
[SourceVersionDate "2017.08.23"]
[SourceQuality "1"]

1. Nf3 Nf6 2. c4 b6 3. g3 Bb7 4. Bg2 e6 5. 0-0 Be7 6. Nc3 h6 7. Re1 Bb4 8. Qc2 Bxc3 9. Qxc3 d5 10. b3 c5 11. cxd5 exd5 12. Qe5+ Qe7 13. d4 Qxe5 14. Nxe5 Nfd7 15. Nxd7 Nxd7 16. Bb2 cxd4 17. e4 0-0 18. exd5 Nf6 19. Rad1 Bxd5 20. f3 Rfe8 21. Rxe8+ Rxe8 22. Bxd4 Be6 23. Kf2 Rd8 24. Ke2 Ne8 25. Bb2 Rc8 26. Rc1 Rd8 27. Ke3 f6 28. g4 f5 29. h3 f4+ 30. Ke2 Bc8 31. Be5 g5 32. Rc6 Ba6+ 33. Ke1 Rd3 34. Bb8 Re3+ 35. Kd1 Be2+ 36. Kd2 Bb5 37. Rc2 Re7 38. a4 Be2 39. Bxa7 Re6 40. Rc1 Ba6 41. Re1 Rd6+ 42. Kc3 Nf6 43. Bf1 Nd5+ 44. Kb2 Bxf1 45. Rxf1 Ne3 46. Rc1 Kf7 47. Rc7+ Ke6 48. Rb7 Rd2+ 49. Kc3 Rf2 50. Rxb6+ Kd7 51. Rb7+ Kc8 52. Bxe3 fxe3 53. Rf7 Kd8 54. Kd3 Rb2 55. Kxe3 Rxb3+ 56. Kf2 Rb6 57. a5 Ra6 58. Rf5 Re6 59. Kg3 Ke7 60. Rb5 Kf7 61. Rb6 Re5 62. a6 Ra5 63. Rxh6 Kg7 64. Rb6 Ra2 65. h4 1-0

[Event "Oslo op"]
[Site "Fornebu"]
[Date "2016.10.05"]
[Round "7"]
[White "Hoti, Nimon"]
[Black "Hansen, Torbjorn Ringdal"]
[Result "0-1"]
[WhiteElo "1959"]
[BlackElo "2457"]
[PlyCount "80"]
[EventDate "2016.09.30"]
[EventType "swiss"]
[EventRounds "9"]
[EventCountry "NOR"]
[SourceTitle "EXT 2017"]
[Source "ChessBase"]
[SourceDate "2016.10.25"]
[SourceVersion "1"]
[SourceVersionDate "2016.10.25"]
[SourceQuality "1"]

1. Nf3 Nf6 2. b3 g6 3. Bb2 Bg7 4. g3 d6 5. Bg2 e5 6. d3 0-0 7. 0-0 h6 8. Nbd2 Be6 9. Rb1 Nc6 10. e4 Qd7 11. a3 Bg4 12. Nc4 Nh7 13. Ne3 Bh3 14. Kh1 Bxg2+ 15. Kxg2 f5 16. exf5 gxf5 17. Nd5 Nd8 18. Ng1 c6 19. Nc3 d5 20. d4 e4 21. Nce2 Ne6 22. f4 Nf6 23. Bc1 Rf7 24. Nh3 Bf8 25. a4 Rg7 26. Nf2 Kh7 27. Be3 Qf7 28. b4 Bd6 29. Kh1 Rag8 30. Rg1 h5 31. b5 h4 32. bxc6 bxc6 33. Qf1 Qh5 34. Nh3 Qf3+ 35. Qxf3 exf3 36. Nc3 hxg3 37. Rxg3 Rxg3 38. hxg3 Rxg3 39. Ng5+ Nxg5 40. fxg5 Ng4 0-1

[Event "Politiken Cup 36th"]
[Site "Helsingor"]
[Date "2014.07.29"]
[Round "10"]
[White "Hoti, Nimon"]
[Black "Pallesen, Jacob"]
[Result "0-1"]
[WhiteElo "1887"]
[BlackElo "2031"]
[PlyCount "64"]
[EventDate "2014.07.21"]
[EventType "swiss"]
[EventRounds "10"]
[EventCountry "DEN"]
[SourceTitle "CBM 161 Extra"]
[Source "ChessBase"]
[SourceDate "2014.08.29"]
[SourceVersion "1"]
[SourceVersionDate "2014.08.29"]
[SourceQuality "1"]

1. e4 g6 2. Nc3 Bg7 3. h4 c5 4. h5 Nc6 5. hxg6 hxg6 6. Rxh8 Bxh8 7. Bb5 Nd4 8. a4 a6 9. Bc4 d6 10. Nce2 Nc6 11. c3 Ne5 12. Qb3 Nf6 13. f4 Nxc4 14. Qxc4 Be6 15. Qd3 Qb6 16. c4 Qb4 17. e5 dxe5 18. fxe5 Ng4 19. b3 Nxe5 20. Qg3 Nd3+ 21. Qxd3 Bxa1 22. Nf3 Rd8 23. Qe3 b5 24. axb5 axb5 25. Ne5 Bxe5 26. Qxe5 Qxb3 27. cxb5 Qxb5 28. Nc3 Qd3 29. Qh8+ Kd7 30. Qh4 Bc4 31. Qf4 Rh8 32. Qf2 Rh1+ 0-1

[Event "Politiken Cup 36th"]
[Site "Helsingor"]
[Date "2014.07.24"]
[Round "5"]
[White "Hvenekilde, Jorgen"]
[Black "Hoti, Nimon"]
[Result "0-1"]
[WhiteElo "2122"]
[BlackElo "1887"]
[PlyCount "76"]
[EventDate "2014.07.21"]
[EventType "swiss"]
[EventRounds "10"]
[EventCountry "DEN"]
[SourceTitle "CBM 161 Extra"]
[Source "ChessBase"]
[SourceDate "2014.08.29"]
[SourceVersion "1"]
[SourceVersionDate "2014.08.29"]
[SourceQuality "1"]

1. e4 c6 2. d4 d5 3. e5 c5 4. Nf3 Bg4 5. Be2 e6 6. 0-0 Qb6 7. Nbd2 cxd4 8. h3 Bxf3 9. Nxf3 Nc6 10. a3 Nge7 11. Re1 Ng6 12. Bd3 Be7 13. g3 Qc7 14. Qe2 a6 15. h4 h6 16. b4 Bd8 17. Bb2 0-0 18. h5 Nge7 19. Nxd4 Nxd4 20. Bxd4 Nc6 21. Bb2 Qe7 22. Rad1 Bb6 23. Qg4 Kh8 24. Kg2 Qg5 25. Qh3 Bd4 26. Bc1 Qe7 27. f4 Bc3 28. f5 Nxe5 29. Re2 Rae8 30. Bf4 Nxd3 31. Rxd3 d4 32. Rf3 Qd8 33. fxe6 fxe6 34. Rxe6 Qd5 35. Rxe8 Rxe8 36. Qg4 Re2+ 37. Kh3 Qe4 38. Bd6 Rh2+ 0-1

[Event "Politiken Cup 36th"]
[Site "Helsingor"]
[Date "2014.07.22"]
[Round "2"]
[White "Hoti, Nimon"]
[Black "Merkesvik, Frode"]
[Result "1-0"]
[WhiteElo "1887"]
[BlackElo "1633"]
[PlyCount "89"]
[EventDate "2014.07.21"]
[EventType "swiss"]
[EventRounds "10"]
[EventCountry "DEN"]
[SourceTitle "CBM 161 Extra"]
[Source "ChessBase"]
[SourceDate "2014.08.29"]
[SourceVersion "1"]
[SourceVersionDate "2014.08.29"]
[SourceQuality "1"]

1. e4 e6 2. d4 d5 3. Nc3 c5 4. Be3 cxd4 5. Qxd4 Nc6 6. Bb5 Bd7 7. Bxc6 Bxc6 8. 0-0-0 Ne7 9. Nge2 f6 10. f4 Qd7 11. Kb1 b6 12. g4 0-0-0 13. Ng3 Ng6 14. exd5 exd5 15. Qd3 Kb7 16. Rhg1 Bb4 17. Nf5 Bxc3 18. Qxc3 Rc8 19. Qb4 Rhd8 20. h4 Qc7 21. h5 Nf8 22. Nd4 Qd6 23. Qd2 Ne6 24. Nf5 Qc7 25. Qb4 Be8 26. Rd2 Nc5 27. Bxc5 Qxc5 28. Qxc5 bxc5 29. Nxg7 Bf7 30. Re1 Rc7 31. Nf5 Rcd7 32. c3 Kb6 33. b3 a5 34. Kb2 Rg8 35. Nh6 Re8 36. Rxe8 Bxe8 37. Re2 Bf7 38. Nxf7 Rxf7 39. Re6+ Kc7 40. h6 d4 41. Kc2 dxc3 42. Kxc3 f5 43. g5 Kd7 44. Ra6 Re7 45. Ra7+ 1-0

[Event "Politiken Cup 36th"]
[Site "Helsingor"]
[Date "2014.07.21"]
[Round "1"]
[White "Englert, Fabian"]
[Black "Hoti, Nimon"]
[Result "1-0"]
[WhiteElo "2304"]
[BlackElo "1887"]
[PlyCount "87"]
[EventDate "2014.07.21"]
[EventType "swiss"]
[EventRounds "10"]
[EventCountry "DEN"]
[SourceTitle "CBM 161 Extra"]
[Source "ChessBase"]
[SourceDate "2014.08.29"]
[SourceVersion "1"]
[SourceVersionDate "2014.08.29"]
[SourceQuality "1"]

1. g3 Nf6 2. Bg2 d6 3. d4 c6 4. e4 g6 5. Ne2 Bg7 6. 0-0 Qc7 7. Nbc3 Be6 8. b3 h5 9. Bf4 Qd7 10. h4 Bh3 11. Qd2 Bxg2 12. Kxg2 Qc7 13. e5 Nd5 14. Nxd5 cxd5 15. exd6 exd6 16. Qe3+ Qe7 17. Bxd6 Qe4+ 18. Qxe4+ dxe4 19. Rad1 Kd7 20. Be5 f6 21. Bxb8 Raxb8 22. c4 Bh6 23. f3 Rbe8 24. fxe4 Rxe4 25. Nc3 Re6 26. Nd5 f5 27. Rfe1 Rhe8 28. Rxe6 Rxe6 29. Kf3 Kd6 30. Nf4 Bxf4 31. Kxf4 Re4+ 32. Kf3 Kd7 33. Rd3 Kd6 34. d5 Rg4 35. c5+ Kd7 36. d6 Rb4 37. a3 Rb5 38. b4 a5 39. Rd4 axb4 40. axb4 f4 41. Kxf4 Kd8 42. Ke5 b6 43. Ke6 bxc5 44. Rf4 1-0

[Event "Bergen op"]
[Site "Bergen"]
[Date "2012.11.23"]
[Round "2"]
[White "Hoti, Nimon"]
[Black "Nilsen, Martin"]
[Result "1/2-1/2"]
[WhiteElo "1728"]
[BlackElo "1663"]
[PlyCount "132"]
[EventDate "2012.11.23"]
[EventType "swiss"]
[EventRounds "5"]
[EventCountry "NOR"]
[SourceTitle "CBM 151 Extra"]
[Source "ChessBase"]
[SourceDate "2012.12.18"]
[SourceVersion "1"]
[SourceVersionDate "2012.12.18"]
[SourceQuality "1"]

1. e4 e5 2. Nf3 Nc6 3. Bb5 Nf6 4. Bxc6 dxc6 5. b3 Bc5 6. h3 Nxe4 7. 0-0 0-0 8. Bb2 Re8 9. d3 Nxf2 10. Rxf2 Bxf2+ 11. Kxf2 e4 12. Ne1 e3+ 13. Kg1 e2 14. Qc1 Qh4 15. Nd2 Bxh3 16. Ndf3 Qg4 17. Qg5 Qxg5 18. Nxg5 Bf5 19. Kf2 Re7 20. Bc3 Rae8 21. a4 h6 22. Ngf3 g5 23. a5 Kh7 24. Ra4 c5 25. g3 Kg6 26. b4 c4 27. d4 f6 28. Bd2 h5 29. Ra3 Re4 30. Rc3 Be6 31. Ra3 Bg4 32. c3 Bxf3 33. Nxf3 h4 34. gxh4 gxh4 35. Ra1 h3 36. Rh1 Rh8 37. Rh2 Kf5 38. Rh1 b6 39. axb6 axb6 40. Ng1 Kg4 41. Nxe2 Ree8 42. Rg1+ Kf5 43. Ng3+ Ke6 44. Rh1 Kd5 45. Kf3 Ra8 46. Ne2 Ra2 47. Bf4 Rc2 48. Bxc7 Re8 49. Re1 Rexe2 50. Rxe2 Rxc3+ 51. Kg4 b5 52. Bd8 Rd3 53. Bxf6 c3 54. Rh2 Kc4 55. Kf5 Rd2 56. Rxh3 c2 57. Rh8 Kxb4 58. Rc8 Kb3 59. Ke6 Rd1 60. d5 c1Q 61. Rxc1 Rxc1 62. d6 Kc4 63. d7 Rd1 64. d8Q Rxd8 65. Bxd8 b4 66. Bf6 b3 1/2-1/2

[Event "NOR-chT West Nord 0910"]
[Site "Norway"]
[Date "2010.02.13"]
[Round "4"]
[White "Hoel, Jorgen"]
[Black "Hoti, Nimon"]
[Result "1-0"]
[WhiteElo "1649"]
[BlackElo "1761"]
[PlyCount "47"]
[EventDate "2009.11.08"]
[EventType "team-tourn"]
[EventRounds "5"]
[EventCountry "NOR"]
[SourceTitle "EXT 2012"]
[Source "ChessBase"]
[SourceDate "2011.11.24"]
[SourceVersion "1"]
[SourceVersionDate "2011.11.24"]
[SourceQuality "1"]

1. d4 Nf6 2. c4 e6 3. Nc3 Bb4 4. Qc2 d5 5. Bg5 dxc4 6. e3 Qd5 7. Bxf6 gxf6 8. Nf3 b5 9. a4 c6 10. Nd2 Qg5 11. axb5 Bxc3 12. Qxc3 cxb5 13. Ne4 Qg6 14. Nd6+ Kd7 15. Nxb5 Ba6 16. Qxc4 Rc8 17. Qb4 Rc6 18. g3 Rb6 19. Rc1 Ke8 20. Nc7+ Kd7 21. Qa4+ Kd6 22. Nxa8 Qe4 23. Qa3+ Kd7 24. Rc7+ 1-0

[Event "NOR-chT West Nord 0910"]
[Site "Norway"]
[Date "2010.01.10"]
[Round "3"]
[White "Hoti, Nimon"]
[Black "Tufta, Jon Gunnar"]
[Result "1-0"]
[WhiteElo "1761"]
[BlackElo "1796"]
[PlyCount "99"]
[EventDate "2009.11.08"]
[EventType "team-tourn"]
[EventRounds "5"]
[EventCountry "NOR"]
[SourceTitle "EXT 2012"]
[Source "ChessBase"]
[SourceDate "2011.11.24"]
[SourceVersion "1"]
[SourceVersionDate "2011.11.24"]
[SourceQuality "1"]

1. e4 c5 2. Nf3 Nc6 3. d4 cxd4 4. Nxd4 e5 5. Nxc6 bxc6 6. Bc4 Ba6 7. Qe2 Bxc4 8. Qxc4 Qb6 9. Nc3 Bc5 10. 0-0 Qb4 11. Qa6 Nf6 12. a3 Qb6 13. Qc4 Bd4 14. h3 0-0 15. Qe2 Rfe8 16. g4 h6 17. Kg2 d5 18. f3 Rab8 19. Nd1 Qb5 20. Qxb5 Rxb5 21. Re1 Nd7 22. c3 Bc5 23. b4 Be7 24. Be3 Rb7 25. Ra2 dxe4 26. fxe4 c5 27. Nb2 Rc8 28. Rc1 Bg5 29. Bxg5 hxg5 30. Nd1 Nf6 31. Rcc2 a5 32. bxa5 Ra7 33. Kf3 Rxa5 34. a4 Nd7 35. Rcb2 Kf8 36. Rb7 Ke8 37. Rd2 Nf8 38. Nb2 c4 39. Rd6 Rac5 40. Ra6 Ne6 41. Raa7 Nd8 42. Re7+ Kf8 43. a5 Kg8 44. Re8+ Kh7 45. a6 Kg6 46. Rd7 Ne6 47. Rxc8 Rxc8 48. a7 Nd8 49. Nxc4 Nc6 50. Rd6+ 1-0